animals I wish I could have as a pet(sudden death) - Statistics

General Stats
  • This quiz has been taken 51 times
  • The average score is 3 of 10
Answers on the Grid
Answers color-coded by a green-red scale on the quiz's grid according to % correct below.
hyena
dog
tarantula
goat
pig
horse
bearded dragon
chicken
rabbit
tiger
deer
fox
walrus
dolphin
cat
panda
squid
meerkat
 
Answer Stats
Answer % Correct
dog
52%
bearded dragon
34%
cat
34%
hyena
31%
pig
28%
fox
17%
goat
17%
meerkat
17%
tiger
14%
tarantula
7%
No matching quizzes found
Score Distribution
Percent of People with Each Score
Percentile by Number Answered
Your Score History
You have not taken this quiz